The author of the Prometheus Bound /

Bibliographic Details
Main Author: Herington, C. J.
Format: Book
Language:English
Published: Austin : University of Texas Press, [1970]
Series:New delphin series.
Subjects:

MARC

Tag First Indicator Second Indicator Subfields
LEADER 00000cam a2200000 4500
001 in00000203021
005 20151009054208.0
008 701130s1970 txu b 00010 eng
010 |a  75132528  
020 |a 029270044X  |c $4.75 
035 |a (OCoLC)00101804 
035 |9 AAW7099AM 
040 |a DLC  |c DLC  |d OCL  |d TXA  |d UtOrBLW 
049 |a TXAM  |c [1141728] 
050 0 0 |a PA3825.P8  |b H4 1970 
082 0 |a 882/.01 
100 1 |a Herington, C. J. 
245 1 4 |a The author of the Prometheus Bound /  |c by C. J. Herington. 
264 1 |a Austin :  |b University of Texas Press,  |c [1970] 
300 |a 135 pages ;  |c 22 cm. 
336 |a text  |b txt  |2 rdacontent 
337 |a unmediated  |b n  |2 rdamedia 
338 |a volume  |b nc  |2 rdacarrier 
490 1 |a The New delphin series 
500 |a "The original version of this work was composed for a seminar on ancient tragedy held during the American Philological Association's meeting in Toronto in December of 1968." 
504 |a Bibliography: pages [131]-135. 
600 0 0 |a Aeschylus.  |t Prometheus bound. 
830 0 |a New delphin series. 
999 |a MARS 
999 f f |s de0a3abd-f314-3fbb-88bc-0aed52ef3029  |i 22b16b20-990f-3d64-86f9-5e4c8a64ebdd  |t 0 
952 f f |p ric  |a Texas A&M University  |b Rellis Campus  |c Joint Library Facility  |s JLF  |d Remote Storage  |t 0  |e PA3825.P8 H4 1970  |h Library of Congress classification  |i unmediated -- volume  |m A14803547367 
998 f f |a PA3825.P8 H4 1970  |t 0  |l Remote Storage